000 00224nam a22000857a 4500
008 160824b xxu||||| |||| 00| 0 eng d
100 _9237
_aDoshi D
245 _aMastering Science-7
260 _aNew Delhi
_bCordova publication
_c2016
999 _c2892
_d2892